000 00262nam a2200109Ia 4500
008 190912s9999||||xx |||||||||||||| ||und||
100 _aAlbert Paul Malvino
245 0 _aElectronic Principles
260 _aUSA
_bPrentice Hall
_c1999
300 _a1012
942 _cBK
999 _c7263
_d7263